[Event "LSS BI-2009-P-00010"]
[Site "LSS email"]
[Date "2009.04.19"]
[Round "?"]
[White "Herzog, Klaus"]
[Black "Pires da Cunha, Jose Miguel"]
[Result "1-0"]
[WhiteElo "2023"]
[BlackElo "2188"]
[PlyCount "25"]
[EventDate "2009.04.20"]
[EventType "tourn (corr)"]
[EventRounds "10"]
[EventCountry "GER"]
[SourceTitle "Corr 2013"]
[Source "ChessBase"]
[SourceDate "2012.11.12"]
[SourceVersion "1"]
[SourceVersionDate "2012.11.12"]
[SourceQuality "1"]
[WhiteTeam "US of America"]
[BlackTeam "US of America"]
[WhiteTeamCountry "USA"]
[BlackTeamCountry "USA"]

1. e4 c5 2. Nf3 d6 3. d4 cxd4 4. Nxd4 Nf6 5. Nc3 a6 6. Bc4 e6 7. Be3 b5 8. Bb3 Bb7 9. f3 Nbd7 10. Qd2 b4 11. Na4 d5 12. exd5 Nxd5 13. Bg5 1-0

[Event "LSS BI-2009-P-00010"]
[Site "LSS email"]
[Date "2009.04.19"]
[Round "?"]
[White "Pires da Cunha, Jose Miguel"]
[Black "Kroes, Friso"]
[Result "0-1"]
[WhiteElo "2188"]
[BlackElo "2085"]
[PlyCount "30"]
[EventDate "2009.04.20"]
[EventType "tourn (corr)"]
[EventRounds "10"]
[EventCountry "GER"]
[SourceTitle "Corr 2013"]
[Source "ChessBase"]
[SourceDate "2012.11.12"]
[SourceVersion "1"]
[SourceVersionDate "2012.11.12"]
[SourceQuality "1"]
[WhiteTeam "US of America"]
[BlackTeam "US of America"]
[WhiteTeamCountry "USA"]
[BlackTeamCountry "USA"]

1. e4 e6 2. d4 d5 3. Nc3 Bb4 4. a3 Bxc3+ 5. bxc3 dxe4 6. f3 c5 7. Rb1 Nc6 8. Bb5 Bd7 9. fxe4 Qh4+ 10. Kf1 Nf6 11. Nf3 Qxe4 12. Bd3 Qd5 13. c4 Qd6 14. dxc5 Qe7 15. Rxb7 e5 0-1

[Event "LSS BI-2009-P-00010"]
[Site "LSS email"]
[Date "2009.04.19"]
[Round "?"]
[White "Tsenkov, Lyubomir"]
[Black "Pires da Cunha, Jose Miguel"]
[Result "1-0"]
[WhiteElo "2392"]
[BlackElo "2188"]
[PlyCount "27"]
[EventDate "2009.04.20"]
[EventType "tourn (corr)"]
[EventRounds "10"]
[EventCountry "GER"]
[SourceTitle "Corr 2013"]
[Source "ChessBase"]
[SourceDate "2012.11.12"]
[SourceVersion "1"]
[SourceVersionDate "2012.11.12"]
[SourceQuality "1"]
[WhiteTeam "US of America"]
[BlackTeam "US of America"]
[WhiteTeamCountry "USA"]
[BlackTeamCountry "USA"]

1. c4 Nf6 2. Nc3 e6 3. e4 c5 4. e5 Ng8 5. Nf3 Nc6 6. d4 cxd4 7. Nxd4 Nxe5 8. Ndb5 a6 9. Nd6+ Bxd6 10. Qxd6 f6 11. Be3 Ne7 12. Bb6 Nf5 13. Qb4 Nc6 14. Qc5 1-0

[Event "LSS BI-2008-F-00002"]
[Site "LSS email"]
[Date "2009.03.02"]
[Round "?"]
[White "Helmer, Janos"]
[Black "Pires da Cunha, Jose Miguel"]
[Result "1-0"]
[WhiteElo "2159"]
[BlackElo "2188"]
[PlyCount "37"]
[EventDate "2009.03.03"]
[EventType "tourn (corr)"]
[EventRounds "10"]
[EventCountry "GER"]
[SourceTitle "Corr 2011"]
[Source "ChessBase"]
[SourceDate "2010.08.31"]
[SourceVersion "1"]
[SourceVersionDate "2010.08.31"]
[SourceQuality "1"]

1. d4 d5 2. c4 c6 3. Nf3 e6 4. Qc2 Nf6 5. g3 Be7 6. Bg2 0-0 7. 0-0 Nbd7 8. b3 b6 9. Nbd2 Bb7 10. e4 Rc8 11. Bb2 c5 12. exd5 exd5 13. dxc5 Bxc5 14. Nd4 a6 15. Qf5 Re8 16. Rfe1 g6 17. Qf4 Nh5 18. Rxe8+ Qxe8 19. Qg5 1-0

[Event "LSS BI-2008-F-00002"]
[Site "LSS email"]
[Date "2009.03.02"]
[Round "?"]
[White "Pires da Cunha, Jose Miguel"]
[Black "Gazen, Louis"]
[Result "0-1"]
[WhiteElo "2188"]
[BlackElo "2094"]
[PlyCount "46"]
[EventDate "2009.03.03"]
[EventType "tourn (corr)"]
[EventRounds "10"]
[EventCountry "GER"]
[SourceTitle "Corr 2011"]
[Source "ChessBase"]
[SourceDate "2010.08.31"]
[SourceVersion "1"]
[SourceVersionDate "2010.08.31"]
[SourceQuality "1"]

1. e4 c5 2. Nf3 d6 3. d4 cxd4 4. Nxd4 Nf6 5. Nc3 a6 6. Bg5 e6 7. f4 Be7 8. Qf3 h6 9. Bh4 Qc7 10. 0-0-0 0-0 11. g4 b5 12. a3 Bb7 13. Bd3 Nc6 14. Nxc6 Bxc6 15. g5 Nh7 16. gxh6 Bxh4 17. hxg7 Rfe8 18. Qh5 Bf2 19. Nd5 exd5 20. exd5 f5 21. dxc6 Qf7 22. Qh3 Qa2 23. c3 Nf6 0-1

[Event "LSS SA-2008-0-00043"]
[Site "LSS email"]
[Date "2009.01.26"]
[Round "?"]
[White "Jovanovic, Bratislav"]
[Black "Pires da Cunha, Jose Miguel"]
[Result "1/2-1/2"]
[WhiteElo "2076"]
[BlackElo "2202"]
[PlyCount "59"]
[EventDate "2009.01.24"]
[EventType "tourn (corr)"]
[EventRounds "6"]
[EventCountry "GER"]
[SourceTitle "Corr 2011"]
[Source "ChessBase"]
[SourceDate "2010.08.31"]
[SourceVersion "1"]
[SourceVersionDate "2010.08.31"]
[SourceQuality "1"]

1. d4 Nf6 2. c4 c5 3. Nf3 cxd4 4. Nxd4 g6 5. Nc3 Bg7 6. e4 d6 7. Be2 0-0 8. 0-0 Nc6 9. Be3 Bd7 10. Qd2 Nxd4 11. Bxd4 Bc6 12. f3 Nd7 13. Be3 a5 14. Rfd1 Nc5 15. Rac1 Rc8 16. b3 Re8 17. Bd4 Qb6 18. Nd5 Bxd4+ 19. Qxd4 Bxd5 20. cxd5 Nd7 21. Qxb6 Nxb6 22. Bb5 Rxc1 23. Rxc1 Rc8 24. Rxc8+ Nxc8 25. Kf2 Kg7 26. f4 Kf6 27. Ke3 g5 28. g3 gxf4+ 29. gxf4 e5 30. h4 1/2-1/2

[Event "LSS SA-2008-0-00043"]
[Site "LSS email"]
[Date "2009.01.26"]
[Round "?"]
[White "Pires da Cunha, Jose Miguel"]
[Black "Donzellotti, Giuseppe"]
[Result "1/2-1/2"]
[WhiteElo "2202"]
[BlackElo "2096"]
[PlyCount "61"]
[EventDate "2009.01.24"]
[EventType "tourn (corr)"]
[EventRounds "6"]
[EventCountry "GER"]
[SourceTitle "Corr 2011"]
[Source "ChessBase"]
[SourceDate "2010.08.31"]
[SourceVersion "1"]
[SourceVersionDate "2010.08.31"]
[SourceQuality "1"]

1. e4 e5 2. f4 exf4 3. Nf3 d5 4. exd5 Nf6 5. Bb5+ c6 6. dxc6 Nxc6 7. d4 Bd6 8. Qe2+ Be6 9. Ng5 0-0 10. Nxe6 fxe6 11. Bxc6 bxc6 12. Qxe6+ Kh8 13. 0-0 f3 14. gxf3 Re8 15. Qh3 Qb6 16. Nc3 Qxd4+ 17. Kh1 Re5 18. Qg2 Rh5 19. f4 Rf8 20. Bd2 Rh4 21. Qg3 Rg4 22. Qd3 Qxd3 23. cxd3 Rh4 24. Rae1 Nh5 25. Kg2 Nxf4+ 26. Bxf4 Bxf4 27. Ne2 Kg8 28. Rxf4 Rhxf4 29. Nxf4 Rxf4 30. Re8+ Rf8 31. Re7 1/2-1/2

[Event "LSS RA-2008-0-00037"]
[Site "LSS email"]
[Date "2009.01.13"]
[Round "?"]
[White "Kroes, Friso"]
[Black "Pires da Cunha, Jose Miguel"]
[Result "0-1"]
[WhiteElo "1962"]
[BlackElo "2102"]
[PlyCount "60"]
[EventDate "2009.01.10"]
[EventType "tourn (corr)"]
[EventRounds "6"]
[EventCountry "GER"]
[SourceTitle "Corr 2011"]
[Source "ChessBase"]
[SourceDate "2010.08.31"]
[SourceVersion "1"]
[SourceVersionDate "2010.08.31"]
[SourceQuality "1"]

1. e4 c5 2. Nf3 d6 3. d4 cxd4 4. Nxd4 Nf6 5. Nc3 a6 6. Bg5 e6 7. f4 Qb6 8. Qd2 Qxb2 9. Rb1 Qa3 10. Be2 Nbd7 11. 0-0 Qc5 12. Na4 Qc7 13. f5 e5 14. Ne6 fxe6 15. fxe6 Nxe4 16. Qe3 Ndf6 17. Nb6 Rb8 18. Bxf6 Nxf6 19. Qg5 Bxe6 20. Rxf6 gxf6 21. Qxf6 Bf7 22. Bg4 Bg7 23. Qxg7 Rg8 24. Bd7+ Qxd7 25. Nxd7 Rxg7 26. Nxb8 Bxa2 27. Rb6 d5 28. Nxa6 bxa6 29. Rxa6 Bc4 30. Ra1 e4 0-1

[Event "LSS SB-2008-0-00033"]
[Site "LSS email"]
[Date "2008.11.15"]
[Round "?"]
[White "Dehaybe, Andre"]
[Black "Pires da Cunha, Jose Miguel"]
[Result "1/2-1/2"]
[WhiteElo "1990"]
[BlackElo "1933"]
[PlyCount "82"]
[EventDate "2008.11.11"]
[EventType "tourn (corr)"]
[EventRounds "6"]
[EventCountry "GER"]
[SourceTitle "Corr 2022"]
[Source "ChessBase"]
[SourceDate "2021.10.24"]
[SourceVersion "1"]
[SourceVersionDate "2021.10.24"]
[SourceQuality "1"]

1. e4 c5 2. Nc3 d6 3. Nf3 a6 4. d4 cxd4 5. Nxd4 Nf6 6. Bc4 e6 7. Bb3 b5 8. 0-0 Be7 9. Be3 0-0 10. f3 Bd7 11. a3 Nc6 12. f4 Qc7 13. f5 e5 14. Nxc6 Bxc6 15. Nd5 Bxd5 16. exd5 Qb7 17. a4 Bd8 18. a5 Re8 19. c3 Rc8 20. Re1 Nd7 21. Qd2 Nc5 22. Bc2 Bh4 23. g3 Bf6 24. Kg2 h6 25. h4 Rc7 26. Ra3 Rb8 27. Raa1 b4 28. cxb4 Qxb4 29. Qxb4 Rxb4 30. Ra2 Kf8 31. Bxc5 dxc5 32. b3 Rd4 33. Rd1 Ke7 34. Rxd4 exd4 35. Bd1 Be5 36. Be2 Ra7 37. Bc4 Kd6 38. Re2 h5 39. Kf3 Re7 40. Re1 Bf6 41. Rxe7 Bxe7 1/2-1/2

[Event "LSS SB-2008-0-00033"]
[Site "LSS email"]
[Date "2008.11.15"]
[Round "?"]
[White "Pires da Cunha, Jose Miguel"]
[Black "Halliday, Lyndell A"]
[Result "0-1"]
[WhiteElo "2188"]
[BlackElo "1980"]
[PlyCount "106"]
[EventDate "2008.11.11"]
[EventType "tourn (corr)"]
[EventRounds "6"]
[EventCountry "GER"]
[SourceTitle "Corr 2011"]
[Source "ChessBase"]
[SourceDate "2010.08.31"]
[SourceVersion "1"]
[SourceVersionDate "2010.08.31"]
[SourceQuality "1"]

1. e4 e5 2. Nf3 Nc6 3. Bb5 a6 4. Ba4 Nf6 5. 0-0 Be7 6. Re1 b5 7. Bb3 d6 8. c3 0-0 9. h3 Na5 10. Bc2 c5 11. d4 Qc7 12. Nbd2 Nc6 13. d5 Nd8 14. a4 Rb8 15. axb5 axb5 16. b4 Bd7 17. bxc5 Qxc5 18. Re3 Qc7 19. Ba3 Re8 20. Bb4 Nb7 21. Re1 Nc5 22. Nb3 Bf8 23. Ba5 Qc8 24. Nxc5 Qxc5 25. Nd2 g6 26. Nb3 Qc8 27. Qf3 Nh5 28. Bb4 Ra8 29. Rxa8 Qxa8 30. Ra1 Qb7 31. Bd3 Nf4 32. Na5 Qb6 33. Bf1 f5 34. Qe3 Qxe3 35. fxe3 Nh5 36. Nb7 Nf6 37. Nxd6 Bxd6 38. Bxd6 Nxe4 39. Bb4 Rd8 40. Ra5 Nd2 41. Ra7 Be8 42. Re7 Nxf1 43. Kxf1 Bf7 44. d6 Kg7 45. Rxe5 Bc4+ 46. Kf2 Rd7 47. Re8 Kf7 48. Rb8 Ke6 49. h4 Ke5 50. Kg3 h5 51. Re8+ Be6 52. Rb8 Bc4 53. Bc5 Kd5 0-1

[Event "LSS RB-2008-0-00030"]
[Site "LSS email"]
[Date "2008.10.22"]
[Round "?"]
[White "Pires da Cunha, Jose Miguel"]
[Black "Silva"]
[Result "1/2-1/2"]
[WhiteElo "1892"]
[BlackElo "1890"]
[PlyCount "73"]
[EventDate "2008.10.11"]
[EventType "tourn (corr)"]
[EventRounds "6"]
[EventCountry "GER"]
[SourceTitle "Corr 2013"]
[Source "ChessBase"]
[SourceDate "2012.11.12"]
[SourceVersion "1"]
[SourceVersionDate "2012.11.12"]
[SourceQuality "1"]

1. e4 e5 2. Nf3 Nc6 3. Bb5 a6 4. Ba4 Nf6 5. 0-0 b5 6. Bb3 Bb7 7. Re1 Bc5 8. c3 0-0 9. d4 Bb6 10. Bg5 d6 11. Bd5 h6 12. Bxf6 Qxf6 13. dxe5 dxe5 14. a4 Rab8 15. axb5 axb5 16. Na3 Ne7 17. Bxb7 Rxb7 18. Nc2 Qe6 19. Qe2 Rd8 20. Red1 Rxd1+ 21. Rxd1 c6 22. g3 f6 23. Kg2 g6 24. Ne3 Kg7 25. Nc2 Rd7 26. Rxd7 Qxd7 27. Qd2 Qxd2 28. Nxd2 Kf7 29. Nb4 Ke8 30. Nd3 Kd7 31. h3 Ke6 32. g4 Nc8 33. f4 exf4 34. Nxf4+ Kf7 35. Kf3 Nd6 36. Nd3 Ke6 37. Nf4+ 1/2-1/2

[Event "LSS RB-2008-0-00030"]
[Site "LSS email"]
[Date "2008.10.21"]
[Round "?"]
[White "Kroes, Friso"]
[Black "Pires da Cunha, Jose Miguel"]
[Result "0-1"]
[WhiteElo "1935"]
[BlackElo "1892"]
[PlyCount "86"]
[EventDate "2008.10.11"]
[EventType "tourn (corr)"]
[EventRounds "6"]
[EventCountry "GER"]
[SourceTitle "Corr 2013"]
[Source "ChessBase"]
[SourceDate "2012.11.12"]
[SourceVersion "1"]
[SourceVersionDate "2012.11.12"]
[SourceQuality "1"]

1. e4 c5 2. Nf3 d6 3. d4 cxd4 4. Nxd4 Nf6 5. Nc3 a6 6. Bg5 e6 7. f4 Qb6 8. Qd2 Qxb2 9. Rb1 Qa3 10. e5 dxe5 11. fxe5 h6 12. Bh4 Nd5 13. Nxd5 exd5 14. e6 Bxe6 15. Rxb7 Bc5 16. Nxe6 fxe6 17. Qf4 Rf8 18. Rxb8+ Rxb8 19. Qxb8+ Kf7 20. Qb3 Qc1+ 21. Ke2 Kg8 22. Bg3 a5 23. Qd3 Bb4 24. Qd1 Qb2 25. h4 a4 26. h5 Qxa2 27. Ke3 Bc5+ 28. Kd2 Qb2 29. Bd3 Qd4 30. Rf1 Bb4+ 31. c3 Rxf1 32. Qxf1 Qxc3+ 33. Ke3 a3 34. Qe2 e5 35. Qc2 Qd4+ 36. Ke2 Qg4+ 37. Kf2 e4 38. Be2 e3+ 39. Kxe3 Qxg3+ 40. Kd4 a2 41. Qxa2 Qf4+ 42. Kxd5 Qf7+ 43. Kd4 Qxa2 0-1

[Event "LSS CP-2008-P-00057"]
[Site "LSS email"]
[Date "2008.10.01"]
[Round "?"]
[White "Puri, Chaand"]
[Black "Pires da Cunha, Jose Miguel"]
[Result "0-1"]
[WhiteElo "595"]
[BlackElo "1862"]
[PlyCount "52"]
[EventDate "2008.10.01"]
[EventType "tourn (corr)"]
[EventRounds "6"]
[EventCountry "GER"]
[SourceTitle "Corr 2013"]
[Source "ChessBase"]
[SourceDate "2012.11.12"]
[SourceVersion "1"]
[SourceVersionDate "2012.11.12"]
[SourceQuality "1"]
[WhiteTeam "US of America"]
[BlackTeam "US of America"]
[WhiteTeamCountry "USA"]
[BlackTeamCountry "USA"]

1. e4 c5 2. Bc4 a6 3. Nf3 e6 4. d3 Nc6 5. Nc3 b5 6. Bb3 g6 7. 0-0 Bg7 8. a4 Bb7 9. Be3 Nd4 10. Bxd4 cxd4 11. Ne2 Ne7 12. Nexd4 0-0 13. axb5 axb5 14. Nxb5 Bxb2 15. Ra2 Rxa2 16. Bxa2 Qa5 17. Bc4 d5 18. exd5 exd5 19. Qd2 Qxd2 20. Nxd2 dxc4 21. Nxc4 Bf6 22. Ncd6 Bc6 23. c4 Rd8 24. Ra1 Bxa1 25. Nb7 Rxd3 26. Nc5 Rd1# 0-1

[Event "LSS SB-2008-0-00017"]
[Site "LSS email"]
[Date "2008.07.17"]
[Round "?"]
[White "Migliorini, Roberto"]
[Black "Pires da Cunha, Jose Miguel"]
[Result "0-1"]
[WhiteElo "1977"]
[BlackElo "1862"]
[PlyCount "108"]
[EventDate "2008.07.14"]
[EventType "tourn (corr)"]
[EventRounds "6"]
[EventCountry "GER"]
[SourceTitle "Corr 2013"]
[Source "ChessBase"]
[SourceDate "2012.11.12"]
[SourceVersion "1"]
[SourceVersionDate "2012.11.12"]
[SourceQuality "1"]
[WhiteTeam "US of America"]
[BlackTeam "US of America"]
[WhiteTeamCountry "USA"]
[BlackTeamCountry "USA"]

1. c4 Nf6 2. Nf3 e6 3. Nc3 d5 4. d4 c6 5. Bg5 h6 6. Bxf6 Qxf6 7. e3 Nd7 8. Bd3 dxc4 9. Bxc4 g6 10. 0-0 Bg7 11. Rc1 0-0 12. Re1 Rd8 13. Qc2 Qe7 14. e4 e5 15. d5 Nb6 16. Bb3 Bg4 17. Qd3 Qf6 18. Nd2 Qg5 19. Nf1 Bd7 20. Qf3 Qf4 21. Qe3 Rac8 22. dxc6 Bxc6 23. Red1 h5 24. Nd5 Bxd5 25. Rxc8 Rxc8 26. exd5 Qxe3 27. Nxe3 e4 28. d6 Rd8 29. Nd5 Nd7 30. Nc3 Nc5 31. Bc2 Bxc3 32. bxc3 Kg7 33. a3 Kf6 34. f3 exf3 35. gxf3 b6 36. Rd4 Nb7 37. Ra4 a5 38. Rf4+ Kg7 39. Bd3 Rxd6 40. Rd4 Rxd4 41. cxd4 Nd6 42. Kf2 Kf6 43. Ke3 Ke6 44. Kd2 b5 45. Kc3 g5 46. Bb1 g4 47. Ba2+ Ke7 48. fxg4 hxg4 49. Kd3 f5 50. Ke3 Nc4+ 51. Kf4 a4 52. Kxf5 Nxa3 53. Kxg4 b4 54. Bg8 b3 0-1

[Event "IECG CB.2008.0.00183 email"]
[Site "IECG email"]
[Date "2008.07.07"]
[Round "?"]
[White "Sanchez Roempler, Carlos"]
[Black "Pires da Cunha, Jose Miguel"]
[Result "1/2-1/2"]
[WhiteElo "1913"]
[BlackElo "1862"]
[PlyCount "46"]
[EventDate "2008.07.07"]
[EventType "tourn (corr)"]
[EventRounds "6"]
[SourceTitle "Corr 2024"]
[Source "ChessBase"]
[SourceDate "2023.10.19"]
[SourceVersion "1"]
[SourceVersionDate "2023.10.19"]
[SourceQuality "1"]

1. d4 d5 2. c4 c6 3. Nf3 e6 4. Qc2 Nf6 5. e3 Nbd7 6. Bd3 Bd6 7. 0-0 0-0 8. Nbd2 Re8 9. e4 e5 10. exd5 cxd5 11. dxe5 Nxe5 12. Nxe5 Bxe5 13. cxd5 Qxd5 14. Bc4 Qd6 15. Nf3 Be6 16. Bxe6 Qxe6 17. Re1 Rac8 18. Qa4 Qd7 19. Qxd7 Nxd7 20. Be3 Bxb2 21. Rab1 Bc3 22. Red1 Nb6 23. Bxb6 axb6 1/2-1/2